LEADER 01368nam0 22003253i 450 001 VAN0107342 005 20170118110805.160 010 $a978-88-634-2927-5 100 $a20170117d2016 |0itac50 ba 101 $aita 102 $aIT 105 $a|||| ||||| 200 1 $aˆI ‰commissariamenti nel settore culturale italiano$eobiettivi, azioni, risultati$fPaolo Ferri$gprefazione Luca Zan$gpostfazione Giuseppe Grossi 210 $aNapoli$cEditoriale scientifica$d2016 215 $a227 p.$d21 cm. 410 1$1001VAN0107343$12001 $aPunto org$1210 $aNapoli$cEditoriale scientifica.$v23 606 $aCommissariamento$xItalia$3VANC032803$2EC 606 $aImprese$xAmministrazione straordinaria$xLegislazione$3VANC032804$2EC 620 $dNapoli$3VANL000005 676 $a346.4$v21 700 1$aFerri$bPaolo$3VANV082857$062355 702 1$aGrossi$bGiuseppe$3VANV021578 702 1$aZan$bLuca$3VANV034304 712 $aEditoriale scientifica $3VANV107979$4650 801 $aIT$bSOL$c20230616$gRICA 899 $aBIBLIOTECA DEL DIPARTIMENTO DI ECONOMIA$1IT-CE0106$2VAN03 912 $aVAN0107342 950 $aBIBLIOTECA DEL DIPARTIMENTO DI ECONOMIA$d03PREST IVCd111 $e03BDE610 20170117 996 $aCommissariamenti nel settore culturale italiano$91412629 997 $aUNICAMPANIA LEADER 02411nam0 22004933i 450 001 VAN0189611 005 20230613091849.795 017 70$2N$a9783319457840 100 $a20210721d2017 |0itac50 ba 101 $aeng 102 $aCH 105 $a|||| ||||| 200 1 $aLieb-Robinson Bounds for Multi-Commutators and Applications to Response Theory$fJ.-B. Bru, W. de Siqueira Pedra 210 $aCham$cSpringer$d2017 215 $avii, 109 p.$d24 cm 410 1$1001VAN0104274$12001 $aSpringerBriefs in Mathematical Physics$1210 $aBerlin [etc.]$cSpringer$v13 500 1$3VAN0189614$aLieb-Robinson Bounds for Multi-Commutators and Applications to Response Theory$91831896 606 $a47D06$xOne-parameter semigroups and linear evolution equations [MSC 2020]$3VANC020305$2MF 606 $a58D25$xEquations in function spaces; evolution equations [MSC 2020]$3VANC021778$2MF 606 $a34G10$xLinear differential equations in abstract spaces [MSC 2020]$3VANC024588$2MF 606 $a82Cxx$xTime-dependent statistical mechanics (dynamic and nonequilibrium) [MSC 2020]$3VANC025543$2MF 610 $aAC-conductivity measure$9KW:K 610 $aConstructive Quantum Field Theory$9KW:K 610 $aFermion Fock spaces$9KW:K 610 $aInteracting fermions$9KW:K 610 $aLattice Fermi$9KW:K 610 $aMinimally connected graph$9KW:K 610 $aParamagnetic conductivity$9KW:K 610 $aPerturbed autonomous dynamics$9KW:K 610 $aQuantum spin systems$9KW:K 610 $aQuantum spins on lattices$9KW:K 610 $aRepresentation Theory$9KW:K 620 $aCH$dCham$3VANL001889 700 1$aBru$bJean-Bernard$3VANV168729$0823048 701 1$ade Siqueira Pedra$bWalter$3VANV168730$0823049 712 $aSpringer $3VANV108073$4650 801 $aIT$bSOL$c20240614$gRICA 856 4 $uhttp://doi.org/10.1007/978-3-319-45784-0$zE-book ? Accesso al full-text attraverso riconoscimento IP di Ateneo, proxy e/o Shibboleth 899 $aBIBLIOTECA DEL DIPARTIMENTO DI MATEMATICA E FISICA$1IT-CE0120$2VAN08 912 $fN 912 $aVAN0189611 950 $aBIBLIOTECA DEL DIPARTIMENTO DI MATEMATICA E FISICA$d08CONS e-book 3171 $e08eMF3171 20210721 996 $aLieb-Robinson Bounds for Multi-Commutators and Applications to Response Theory$91831896 997 $aUNICAMPANIA